Stolice Terytorium zależnych w Oceanii - Statystyki

Ogólne statystyki
  • Ten quiz został rozwiązany 10 razy
  • Średni wynik to 6 z 13
Statystyki odpowiedzi
Kraje Stolice % Poprawnych
Niue Alofi
86%
Norfolk Kingston
71%
Nowa Kaledonia Numea
71%
Polinezja Francuska Papeete
71%
Pitcairn Adamstown
57%
Wyspy Cooka Avarua
57%
Wyspa Bożego Narodzenia Flying Fish Cove
57%
Wyspy Kokosowe West Island
57%
Samoa Amerykańskie Fagatogo
43%
Guam Hagatha
14%
Tokelau Mata-Utu
14%
Mariany Północne Chalan Kanoa
0%
Wallis i Futuna Fakaofo
0%
Nie znaleziono quizów pasujących do podanych kryteriów
Rozkład punktacji
Procent ludzi z każdym wynikiem
Percentyl według liczby udzielonych odpowiedzi
Twoja historia wyników
Nie rozwiązałeś tego quizu